<?xml version="1.0" encoding="UTF-8"?>
<record
    xmlns:xsi="http://www.w3.org/2001/XMLSchema-instance"
    xsi:schemaLocation="http://www.loc.gov/MARC21/slim http://www.loc.gov/standards/marcxml/schema/MARC21slim.xsd"
    xmlns="http://www.loc.gov/MARC21/slim">

  <leader>00846cam a2200205   4500</leader>
  <controlfield tag="008">050921t19941994flua          000 0 eng u</controlfield>
  <datafield tag="020" ind1=" " ind2=" ">
    <subfield code="a">156670023X</subfield>
  </datafield>
  <datafield tag="035" ind1=" " ind2=" ">
    <subfield code="a">a448857</subfield>
  </datafield>
  <datafield tag="100" ind1="1" ind2=" ">
    <subfield code="a">Turner, D. Bruce</subfield>
  </datafield>
  <datafield tag="245" ind1="1" ind2="0">
    <subfield code="a">Workbook of atmospheric dispersion estimates :</subfield>
    <subfield code="b">An introduction to dispersion modeling /</subfield>
    <subfield code="c">D. Bruce Turner.</subfield>
  </datafield>
  <datafield tag="250" ind1=" " ind2=" ">
    <subfield code="a">2a.ed.</subfield>
  </datafield>
  <datafield tag="260" ind1=" " ind2=" ">
    <subfield code="a">Boca Raton, Florida :</subfield>
    <subfield code="b">Lewis Publishers, </subfield>
    <subfield code="c">1994</subfield>
  </datafield>
  <datafield tag="300" ind1=" " ind2=" ">
    <subfield code="a">ix, p.v. :</subfield>
    <subfield code="b">il. ;</subfield>
    <subfield code="c">24 cm. + 1 Disket 3 1/2 pulg.</subfield>
  </datafield>
  <datafield tag="504" ind1=" " ind2=" ">
    <subfield code="a">Incluye ap&#xE9;ndice, bibliograf&#xED;a e &#xED;ndice</subfield>
  </datafield>
  <datafield tag="506" ind1=" " ind2=" ">
    <subfield code="a">PIFI 3.1</subfield>
  </datafield>
  <datafield tag="650" ind1=" " ind2="4">
    <subfield code="a">Contaminaci&#xF3;n atmosf&#xE9;rica</subfield>
    <subfield code="x">Modelos matem&#xE1;ticos</subfield>
  </datafield>
  <datafield tag="650" ind1=" " ind2="4">
    <subfield code=" ">                                                                                                             aDifusi&#xF3;n atmosf&#xE9;rica</subfield>
    <subfield code="x">Modelos matem&#xE1;ticos</subfield>
  </datafield>
  <datafield tag="942" ind1=" " ind2=" ">
    <subfield code="2">lcc</subfield>
    <subfield code="c">LIB</subfield>
  </datafield>
  <datafield tag="999" ind1=" " ind2=" ">
    <subfield code="c">87570</subfield>
    <subfield code="d">87570</subfield>
  </datafield>
  <datafield tag="952" ind1=" " ind2=" ">
    <subfield code="1">0</subfield>
    <subfield code="2">lcc</subfield>
    <subfield code="4">0</subfield>
    <subfield code="7">3</subfield>
    <subfield code="a">LIC-032</subfield>
    <subfield code="b">LIC-032</subfield>
    <subfield code="c">GENERAL</subfield>
    <subfield code="d">2016-05-19</subfield>
    <subfield code="f">2a. ed.</subfield>
    <subfield code="k">CA</subfield>
    <subfield code="o">TD883 T87 1994</subfield>
    <subfield code="p">BFB000005139</subfield>
    <subfield code="r">2016-05-19 00:00:00</subfield>
    <subfield code="t">C:1</subfield>
    <subfield code="y">LIB</subfield>
  </datafield>
</record>
